| 000 | 00403nam a22001217a 4500 | ||
|---|---|---|---|
| 999 |
_c18752 _d18752 |
||
| 008 | 210209b xxu||||| |||| 00| 0 eng d | ||
| 050 |
_aGMB1008 _b.N38 2016 c.1 |
||
| 100 | _aNdung'u, Daniel Thuo | ||
| 245 |
_aDeterminants of capital structure of microfinance banks in Kenya _cDaniel Thuo Ndung'u |
||
| 260 |
_aKabarak, Nakuru, Kenya _bKabarak University _c2016 |
||
| 300 | _a61 leaves | ||
| 942 |
_2lcc _cTHE |
||